<?xml version="1.0" encoding="UTF-8"?><?xml-stylesheet type="text/xsl" href="static/style.xsl"?><OAI-PMH xmlns="http://www.openarchives.org/OAI/2.0/" xmlns:xsi="http://www.w3.org/2001/XMLSchema-instance" xsi:schemaLocation="http://www.openarchives.org/OAI/2.0/ http://www.openarchives.org/OAI/2.0/OAI-PMH.xsd"><responseDate>2026-04-17T17:20:32Z</responseDate><request verb="GetRecord" identifier="oai:www.recercat.cat:2445/151618" metadataPrefix="marc">https://recercat.cat/oai/request</request><GetRecord><record><header><identifier>oai:recercat.cat:2445/151618</identifier><datestamp>2025-12-05T10:15:49Z</datestamp><setSpec>com_2072_1057</setSpec><setSpec>col_2072_478856</setSpec><setSpec>col_2072_478917</setSpec></header><metadata><record xmlns="http://www.loc.gov/MARC21/slim" xmlns:dcterms="http://purl.org/dc/terms/" xmlns:xsi="http://www.w3.org/2001/XMLSchema-instance" xmlns:doc="http://www.lyncode.com/xoai" xsi:schemaLocation="http://www.loc.gov/MARC21/slim http://www.loc.gov/standards/marcxml/schema/MARC21slim.xsd">
   <leader>00925njm 22002777a 4500</leader>
   <datafield ind2=" " ind1=" " tag="042">
      <subfield code="a">dc</subfield>
   </datafield>
   <datafield ind2=" " ind1=" " tag="720">
      <subfield code="a">Fernández-de-Sevilla, Tomàs</subfield>
      <subfield code="e">author</subfield>
   </datafield>
   <datafield ind2=" " ind1=" " tag="260">
      <subfield code="c">2020-03-02T11:40:33Z</subfield>
   </datafield>
   <datafield ind2=" " ind1=" " tag="260">
      <subfield code="c">2020-03-02T11:40:33Z</subfield>
   </datafield>
   <datafield ind2=" " ind1=" " tag="260">
      <subfield code="c">2010</subfield>
   </datafield>
   <datafield ind2=" " ind1=" " tag="260">
      <subfield code="c">2020-03-02T11:40:34Z</subfield>
   </datafield>
   <datafield ind2=" " ind1=" " tag="520">
      <subfield code="a">Fabricación de Automóviles SA (FASA) fue constituida en Valladolid en 1951. En su activo figuraban las licencias de fabricación del Renault 4CV en España, del cual, entre 1953 y 1958, ensambló 26.298 unidades; representando un 29% del output del sector. Se trató de un período marcado por el enfrentamiento entre los socios españoles y entre éstos y el socio tecnológico (Renault), así como por la necesidad de satisfacer los requerimientos de producción nacional. A partir de la explotación de fuentes primarias de información hasta ahora inéditas (Actas del Consejo de Administración y de la Junta de Accionistas), el artículo analiza la trayectoria de FASA durante sus primeros años de actividad. El trabajo explora la hipótesis de que la decisión de ubicación estuvo determinada, sobre todo, por motivos personales del promotor de FASA. Asimismo, considera la situación de mercado cerrado como el factor principal que forzó a Renaulta ceder las licencias de montaje.</subfield>
   </datafield>
   <datafield tag="653" ind2=" " ind1=" ">
      <subfield code="a">Indústria automobilística</subfield>
   </datafield>
   <datafield tag="653" ind2=" " ind1=" ">
      <subfield code="a">Producte nacional brut</subfield>
   </datafield>
   <datafield tag="653" ind2=" " ind1=" ">
      <subfield code="a">Espanya</subfield>
   </datafield>
   <datafield tag="653" ind2=" " ind1=" ">
      <subfield code="a">Automobile industry and trade</subfield>
   </datafield>
   <datafield tag="653" ind2=" " ind1=" ">
      <subfield code="a">Gross national product</subfield>
   </datafield>
   <datafield tag="653" ind2=" " ind1=" ">
      <subfield code="a">Spain</subfield>
   </datafield>
   <datafield ind2="0" ind1="0" tag="245">
      <subfield code="a">Industrializando la España Interior: El Ensamblaje del Renault 4CV en la FASA de Valladolid, 1951-1958</subfield>
   </datafield>
</record></metadata></record></GetRecord></OAI-PMH>